<?xml version="1.0" encoding="UTF-8"?>
<collection xmlns="http://www.loc.gov/MARC21/slim">
 <record>
  <leader>00664cam a2200169 7i4500</leader>
  <controlfield tag="001">0000043813</controlfield>
  <controlfield tag="005">20050630090000.0</controlfield>
  <datafield tag="020" ind1="#" ind2="0">
   <subfield code="a">1402015283 </subfield>
  </datafield>
  <datafield tag="090" ind1="0" ind2="0">
   <subfield code="a">SH 334 </subfield>
   <subfield code="b">G398</subfield>
  </datafield>
  <datafield tag="100" ind1="1" ind2="#">
   <subfield code="a">Gezelius </subfield>
  </datafield>
  <datafield tag="245" ind1="1" ind2="0">
   <subfield code="a">Regulation and compliance in the Atlantic fisheries : </subfield>
   <subfield code="b">state/society relations in the management of natural resources  </subfield>
   <subfield code="c">by Stig S. Gezelius.</subfield>
  </datafield>
  <datafield tag="260" ind1="#" ind2="#">
   <subfield code="a">Boston: </subfield>
   <subfield code="b">Kluwer Academic Publishers, </subfield>
   <subfield code="c">2003.</subfield>
  </datafield>
  <datafield tag="300" ind1="#" ind2="#">
   <subfield code="a">x, 235 p.; </subfield>
   <subfield code="c">25 cm..</subfield>
  </datafield>
  <datafield tag="650" ind1="0" ind2="0">
   <subfield code="a">Fishery management -- </subfield>
   <subfield code="z">North Atlantic Ocean </subfield>
  </datafield>
  <datafield tag="650" ind1="0" ind2="0">
   <subfield code="a">Fishery law and legislation </subfield>
  </datafield>
  <datafield tag="650" ind1="0" ind2="0">
   <subfield code="a">Fisheries -- </subfield>
   <subfield code="x">Economic aspects -- </subfield>
   <subfield code="z">North Atlantic Ocean </subfield>
  </datafield>
  <datafield tag="999" ind1=" " ind2=" ">
   <subfield code="a">1100034393</subfield>
   <subfield code="b">Book</subfield>
   <subfield code="c">Open Shelf</subfield>
   <subfield code="e">KOLEKSI TERBUKA</subfield>
  </datafield>
 </record>
</collection>
